| 000 | 00353nam a22001457a 4500 | ||
|---|---|---|---|
| 003 | OSt | ||
| 005 | 20160727222348.0 | ||
| 008 | 160621b xxu||||| |||| 00| 0 eng d | ||
| 040 | _cTEST | ||
| 100 |
_9313 _aHuddy, D, |
||
| 245 | _aNo Place Like Tricketts Green | ||
| 260 |
_aENG _bPenguin _c1968 |
||
| 300 | _aNo Place Like Tricketts Green | ||
| 942 |
_2ddc _cBK |
||
| 999 |
_c252 _d252 |
||